000 00559nam a2200193Ia 4500
005 20250923145511.0
008 008 250917s9999 xx 000 0 eng d
037 _aTextual
040 _aDSWL
_beng
_cDSWL
041 _aeng
_2eng
084 _aT:3(YX)p2,N78, N79
_qDSWL
245 0 _aCreative Literature and Social Work education
_cEd. by M.M.Desai
260 _aNew Delhi
_bDelhi Somaiya
_c1979
300 _axv,240p.
365 _aINR
_b50
925 _g50
942 _cTEXL
_hT:3(YX)p2,N78, N79
999 _c1452116
_d1452116